000
00278nam a22001337a 4500
008
170817b xxu||||| |||| 00| 0 eng d
020
_a
3540107436
041
_a
ger
080
_a
51
100
_a
51
101
_a
MAT
245
_a
ALGORITHMEN
_c
HOROTIWZ,E
942
_2
udc
_c
BK
999
_c
23930
_d
23930